000 00799nam a2200253 i 4500
001 21426
003 ES-MaACL
005 20240512063030.0
007 t|
008 021125s1919 sp ||||1| spa d
040 _cES-MaACL
080 _a341.35(460)
080 _a94(100)"1914/18"
100 1 _aAlcalá Galiano, Álvaro,
_d1873-1936
_919458
_eaut
245 1 3 _aEl fin de la tragedia :
_bla "Entente" victoriosa y España neutral /
_cÁlvaro Alcalá-Galiano.
260 _aMadrid :
_b[s.n.],
_c1919
_f(Imp. de Fortanet)
300 _a163 p. ;
_c19 cm.
650 4 _913212
_aGuerra mundial, 1914-1918
650 7 _9147988
_aNeutralidad-
_zEspaña
852 _aES-MaACL
_cSPP2
_jF-10959
942 _cMONOGRAFIA
_n0
999 _c21426
_d21426